| 000 | 00553nam a2200193Ia 4500 | ||
|---|---|---|---|
| 008 | 240729s9999 xx 000 0 und d | ||
| 022 | _a1976-555X | ||
| 245 | 0 | _aJournal of Veterinary Science | |
| 260 | _aKorea, Republic of | ||
| 260 | _bKorean Society of Veterinary Science | ||
| 650 | _a Animal biochemistry | ||
| 650 | _a Animal culture | ||
| 650 | _a Physiology | ||
| 650 | _a Veterinary medicine | Science | ||
| 650 | _aAgriculture | ||
| 856 | _uhttps://doaj.org/toc/ef7ce049c5974aaf9e932427fc0430fd | ||
| 942 | _2ddc | ||
| 942 | _cDOAJEJ | ||
| 999 |
_c66241 _d66241 |
||
| 945 |
_a1 _bMadushi Gamage _c1 _dMadushi Gamage |
||